000 00412nam a2200157Ia 4500
008 230312s9999||||xx |||||||||||||| ||und||
020 _a81-7635-275-6
082 _aV Inter Dev
_bTHU-V
100 _aThurrott Paul
245 0 _aVisual InterDev 6
260 _bTechmedia
_aNew Delhi
_c1999
300 _a1090
546 _aEng.
650 _aComputer
_vCreating Web Applications , Using Dynamic HTML
942 _cBK
999 _c2878
_d2878